| 000 | 00661nam a2200217 a 4500 | ||
|---|---|---|---|
| 003 | SISC | ||
| 005 | 20160819101005.0 | ||
| 008 | 120911s19uu xx 00 eng d | ||
| 020 | _a9788183569392 | ||
| 050 |
_aG 155.A1 _b.C23 2011 |
||
| 100 | _aCarr, David. | ||
| 245 |
_aCommunity tourism and natural resource conservation / _cDavid Carr. |
||
| 250 | _a1st edition. | ||
| 260 |
_aNew Delhi, India : _bDiscovery Pub. House, _c2011. |
||
| 300 |
_a216 pages : _c22 cm. |
||
| 500 | _aIncludes bibliographical references and index. | ||
| 650 |
_aRegional tourism _xEnvironmental aspects. |
||
| 650 | _aEcotourism | ||
| 942 |
_cBK _2lcc _kFOR |
||
| 999 |
_c22115 _d22115 |
||